Представление документа в формате MARC21

Поле Инд. ПП Название Значение
Тип записи a
Библиографический уровень m
001 Контрольный номер 48750a70-486b-4386-b749-0a5f09958212
005 Дата корректировки 20230512084109.1
008 Кодируемые данные 990216 d
080 a Индекс УДК 78.03
084 a Индекс другой классификации/Индекс ББК Щ313(0)
090 a Полочн. индекс Щ313(0)
x Авторский знак Р24
c Каталожный индекс Щ313(0)
245 0_ a Заглавие Рассказы о музыке и музыкантах
b Продолж. заглавия Попул. очерки
c Ответственность [Сост. М.Г. Арановский]
n Номер части/ раздела Вып. 2
260 0_ a Место издания Ленинград
a Место издания Москва
b Издательство Сов. композитор
c Дата издания 1977
300 a Объем 252,[2] с.
b Иллюстрации/ тип воспроизводства ил., портр.
650 04 a Основная рубрика Музыка
x Основная подрубрика История
653 0_ a Ключевые слова История музыки
a Ключевые слова Музыка
700 1_ a Другие авторы Арановский Марк Генрихович
e Роль лиц сост.
852 41 i Расстановочный признак Проверка 2023
920 a Оператор Хохл
930 a Новая/Ретро Популярная
952 c Вид литературы К рн
954 a Дата поступления на обработку 24.12.97
e Дата перешифровки 20230512